| 000 | 00905na a2200301 4500 | ||
|---|---|---|---|
| 001 | 23433 | ||
| 003 | MIRAKIL | ||
| 005 | 20181213155218.0 | ||
| 008 | 170927b tu 000 0 | ||
| 020 | _a9786055525521 | ||
| 040 |
_aMilas _btur _cTR-AnCHP |
||
| 041 | _atur | ||
| 082 |
_a320.9561 _bÖ94z 2011 |
||
| 090 | _a320.9561 Ö94z 2011 | ||
| 100 | _aÖzkan, Tuncay | ||
| 245 |
_aZorbalığın pençesinde _bSilivri günlüğü _c Tuncay Özkan |
||
| 246 | _aSilivri günlüğü | ||
| 250 | _a11. bs. | ||
| 260 |
_aİstanbul _bCumhuriyet Kitapları _c2011 _fYazın basın yayın matbaacılık |
||
| 300 |
_a316 s. _bfotğ. _c23 sm. |
||
| 600 |
_aÖzkan, Tuncay _xAnılar |
||
| 650 | _aErgenekon Davası | ||
| 650 |
_aGazeteciler _xTürkiye |
||
| 650 |
_aSiyasi tutuklular _xTürkiye _yAnılar |
||
| 650 |
_aTürkiye _xSiyaset ve yönetim |
||
| 740 | _aSilivri günlüğü | ||
| 942 |
_2ddc _cBKS |
||
| 999 |
_c8605 _d8605 |
||